000 01317cam a2200349 i 4500
999 _c127736
_d127736
001 19553628
003 ARRUPE
005 20180322094725.0
008 170315t20172017nyua b 001 0aeng
010 _a 2017010792
020 _a9781627794091 (hardcover)
020 _z9781627794107 (electronic book)
040 _aDLC
_beng
_cDLC
_erda
_dDLC
042 _apcc
043 _an-us---
050 0 0 _aQA76.2.L36
_bA3 2017
082 0 0 _a004.092
_aB
_223
100 1 _aLanier, Jaron,
_940847
245 1 0 _aDawn of the new everything :
_ba journey through virtual reality /
_cJaron Lanier.
260 _aLondon
_bThe Bodley head
_c2017
300 _axiii, 350 p. :
_c23 cm.
504 _aIncludes bibliographical references and index.
600 1 0 _aLanier, Jaron.
_940847
650 0 _aVirtual reality
_xPhilosophy.
_940848
650 0 _aVirtual reality
_xSocial aspects.
_940849
906 _a7
_bcbc
_corignew
_d1
_eecip
_f20
_gy-gencatlg
942 _2lcc
_cMONOGRAPH